000 00276nam a22001217a 4500
008 170615b xxu||||| |||| 00| 0 eng d
041 _aeng
080 _a32
100 _a19
101 _aSHP
245 _aLATIN AMERICAN URBAN RESEARCH
_cRABINOVITZ.P.F
942 _2udc
_cBK
999 _c17445
_d17445